| 000 | 00455aam a2200181 4500 | ||
|---|---|---|---|
| 005 | 20170111134355.0 | ||
| 008 | 150727b xxu||||| |||| 00| 0 spa d | ||
| 041 | _aInglés | ||
| 082 | _a428 L723h | ||
| 100 |
_aLightbown, Patsy _936110 |
||
| 100 |
_aSpada, Nina _936111 |
||
| 245 | _aHow languages are learned | ||
| 260 |
_aInglaterra _bOxford _c2006 |
||
| 300 | _a233 páginas | ||
| 650 |
_aINGLÉS _92062 |
||
| 650 |
_a ENSEÑANZA _9236 |
||
| 942 | _cBK | ||
| 999 |
_c8710 _d8710 |
||